000
00308 a2200133 4500
001
153965
040
_c
Escola São Tomás de Aquino
100
_a
VIANA, Vivina de Assis
240
1
0
_a
Meu dente caiu!
_l
por
245
1
0
_a
Meu dente caiu!
362
0
_a
1990
697
_a
*LITERATURA INFANTIL
942
_c
BK
999
_c
153965
_d
153965